00397nam a2200157Ia 4500001000500000005001700005008004100022041000800063082001600071100004000087245005400127260000900181300003300190650000800223654000800231227220260306143830.0260306t2020||||xx |||||||||||||| ||spa|| aESP a616.84bA66 aArango Lasprilla, Juan Carlos,eAUT 0aPrincipios de rehabilitación neuropsicológica c2020 axvi, 363 páginas :c23 cm. aGEN aCPS